000 00569nam a2200157 a 4500
008 120416s1991 ||||||||||||||||| || u
020 _a1557751846
050 _aIMF(08)
100 _aTait, Alan A
245 1 0 _aValue-added tax : administrative and policy issues
_cedited by Alan A. Tait
260 _aWashington, D.C. :
_bIMF
_c1991
300 _aviii, 92p. : ill.
350 _a0.00
650 _aVALUE-ADDED TAX--ASIA
995 _D0.00
_FCBU-MAIN LIBRARY (Kitwe)
_H1
_I15.00
_M1
_UAVAILABLE
_ZInternational Publications
999 _c61213
_d61213